| 000 | 00459nam a22001817a 4500 | ||
|---|---|---|---|
| 003 | CEME | ||
| 005 | 20210628202827.0 | ||
| 008 | 210118b xxu||||| |||| 00| 0 eng d | ||
| 020 | _a81-8274-136-X | ||
| 040 | _c. | ||
| 082 | _a621.381 NAN | ||
| 100 |
_aDiwan, Parag. Dr, Bharadwaj, Ashish _961678 |
||
| 245 | _aNanoelectronics | ||
| 260 |
_aNEW DELHI _bPENTAGON PRESS _c2006 |
||
| 300 | _aXIV,198 P | ||
| 650 |
_aNANOELECTRONICS _93465 |
||
| 942 |
_cBK _2ddc |
||
| 999 |
_c571141 _d571141 |
||